| 000 | 00401nam a22001457a 4500 | ||
|---|---|---|---|
| 003 | OSt | ||
| 008 | 210913b ||||| |||| 00| 0 eng d | ||
| 020 | _a9789381450185 | ||
| 082 |
_a631.485 _bDUR/HA |
||
| 100 |
_aDurai M.V. _91150 |
||
| 245 | _aHandbook of Soil - Plant - Water - Fertilizer and Manure Analysis | ||
| 260 |
_aNew Delhi _bNew India Publishing Agency _c2014 |
||
| 300 | _a235 | ||
| 942 | _cBK | ||
| 999 |
_c14656 _d14656 |
||